| 000 | 00410nam a2200109Ia 4500 | ||
|---|---|---|---|
| 008 | 171204s9999 xx 000 0 und d | ||
| 245 | _aYour Child's Social and Emotional Well-Being: A Complete Guide for Parents and Those Who Help Them | ||
| 245 | _cJohn S. Dacey ,Lisa B. Fiore | ||
| 260 | _c2016 | ||
| 650 | _xPRF Ed 1: Child & Adolescent Development | ||
| 856 | _uhttp://down.ebook777.com/052/1118977068.pdf | ||
| 999 |
_c345851 _d345851 |
||